Visual Effects Oscars since 2000 - Statistics

General Stats
  • This quiz has been taken 47 times
  • The average score is 18 of 24
Answer Stats
Hint Answer % Correct
2010 Inception
95%
2014 Interstellar
95%
2009 Avatar
92%
2003 The Lord of the Rings: The Return of the King
92%
2001 The Lord of the Rings: The Fellowship of the Ring
89%
2019 1917
84%
2000 Gladiator
84%
2022 Avatar: The Way of Water
82%
2002 The Lord of the Rings: The Two Towers
82%
2023 Godzilla Minus One
79%
2020 Tenet
79%
2021 Dune
76%
2005 King Kong
76%
2004 Spider-Man 2
76%
2013 Gravity
74%
2012 Life of Pi
74%
2011 Hugo
61%
2008 The Curious Case of Benjamin Button
61%
2016 The Jungle Book
61%
2017 Blade Runner 2049
58%
2015 Ex Machina
55%
2006 Pirates of the Caribbean: Dead Man's Chest
55%
2018 First Man
50%
2007 The Golden Compass
26%
No matching quizzes found
Score Distribution
Percent of People with Each Score
Percentile by Number Answered
Your Score History
You have not taken this quiz